| 000 | 00422cam a2200169ua 4500 | ||
|---|---|---|---|
| 020 | _c16.00 | ||
| 041 |
_aeng _h |
||
| 082 |
_a604.2 _bSHA/EN |
||
| 100 | _aSharma, R.C . | ||
| 245 |
_aEngineering drawing work book vol-2 / _cR.C.Sharma. _hTextual Documents |
||
| 260 |
_aNew Delhi : _bLaxmi Publications , _c1985. |
||
| 300 | _a72 ; . | ||
| 365 | _a16.00 | ||
| 504 | _a | ||
| 942 | _cBK | ||
| 999 |
_c10201 _d10201 |
||